India's Eastward Thrust: (Record no. 195924)

MARC details
000 -LEADER
fixed length control field 00603nam a2200181 4500
005 - DATE AND TIME OF LATEST TRANSACTION
control field 20230510152026.0
010 ## - LCCN (DPL NO)
LC control number ENG-136829
020 ## - INTERNATIONAL STANDARD BOOK NUMBER
International Standard Book Number 9788183249522
Terms of availability 550.00
035 ## - SYSTEM CONTROL NUMBER
System control number EN-120361
037 ## - SOURCE OF ACQUISITION
Source of stock number/acquisition DBAD/PUB
082 ## - DEWEY DECIMAL CLASSIFICATION NUMBER
Classification number 337.541059
100 ## - MAIN ENTRY--PERSONAL NAME
Personal name Mujtaba, Syed Ali
245 ## - TITLE STATEMENT
Title India's Eastward Thrust:
Remainder of title Predicaments And Prospects/
Statement of responsibility, etc By Syed Ali Mujtaba
260 ## - PUBLICATION, DISTRIBUTION, ETC. (IMPRINT)
Place of publication, distribution, etc New Delhi
Name of publisher, distributor, etc Mittal Publications
Date of publication, distribution, etc 2020
270 ## - ADDRESS
Address 4594/9, Daryaganj
City New Delhi
Postal code 110002
Electronic mail address info@mittalbooks.com
Telephone number 23250398
Fax number 91-11-41564398
300 ## - PHYSICAL DESCRIPTION
Extent 154p
Dimensions 22cm(hbk)
942 ## - ADDED ENTRY ELEMENTS (KOHA)
Source of classification or shelving scheme Dewey Decimal Classification
Item type English Books
Call number suffix MUJ
Classification part 337.541059
Holdings
Withdrawn status Lost status Not for loan Collection code Home library Current library Date acquired Source of acquisition Cost, normal purchase price Full call number Barcode Copy number Cost, replacement price Koha item type
      Non-fiction Shahdara Branch Shahdara Branch 10/05/2023 DBAB/PUB 550.00 337.541059 MUJ EN-120361 1 550.00 English Books

© Delhi Public Library
Hit Counter
free hit counter